ՀՀ Գիտությունների ազգային ակադեմիայի հիմնարար գիտական գրադարան  =   Fundamental Scientific Library of NAS RA

Химические меры борьбы с сорной растительностью в посевах хлопчатника / (Record no. 289771)

MARC details
000 -LEADER
fixed length control field 01206nam a2200217 u 4500
001 - CONTROL NUMBER
control field 000794836
003 - CONTROL NUMBER IDENTIFIER
control field AM-YeHGA
005 - DATE AND TIME OF LATEST TRANSACTION
control field 20250617144210.0
008 - FIXED-LENGTH DATA ELEMENTS--GENERAL INFORMATION
fixed length control field 110312s1979 ||||||||||||||||||||rus|c
040 ## - CATALOGING SOURCE
Original cataloging agency AM-YeHGA
041 0# - LANGUAGE CODE
Language code of text/sound track or separate title rus
090 ## - LOCALLY ASSIGNED LC-TYPE CALL NUMBER (OCLC); LOCAL CALL NUMBER (RLIN)
-- 291445
100 1# - MAIN ENTRY--PERSONAL NAME
Personal name Лозоватская, Мария Александровна
245 10 - TITLE STATEMENT
Title Химические меры борьбы с сорной растительностью в посевах хлопчатника /
Statement of responsibility, etc. М.А. Лозоватская; Министерство сельского хозяйства СССР., Всесоюзный ордена Ленина научно-исследовательский институт хлопководства(союзнихи).
260 ## - PUBLICATION, DISTRIBUTION, ETC.
Place of publication, distribution, etc. Ташкент :
Name of publisher, distributor, etc. Фан УзССР,
Date of publication, distribution, etc. 1979.
300 ## - PHYSICAL DESCRIPTION
Extent 136 с. :
Other physical details ил. ;
Dimensions 22 см.
504 ## - BIBLIOGRAPHY, ETC. NOTE
Bibliography, etc. note Лит. : с. 124-132
650 14 - SUBJECT ADDED ENTRY--TOPICAL TERM
Topical term or geographic name entry element Сорные растения
General subdivision Борьба
710 2# - ADDED ENTRY--CORPORATE NAME
Corporate name or jurisdiction name as entry element Министерство сельского хозяйства СССР
710 2# - ADDED ENTRY--CORPORATE NAME
Corporate name or jurisdiction name as entry element Всесоюзный ордена Ленина научно-исследовательский институт хлопководства (союзнихи)
Holdings
Withdrawn status Lost status Damaged status Not for loan Collection Home library Current library Date acquired Total checkouts Full call number Barcode Date last seen Price effective from Koha item type Public note
        General Fundamental Scientific Library Fundamental Scientific Library 29/12/2016   PII/446053 FL0354024 29/12/2016 29/12/2016 Գրքեր / Books 30 Days Loan


ՀՀ ԳԱԱ հիմնարար գիտական գրադարան
ՀՀ,Երևան 0019
Մարշալ Բաղրամյան 24/6
հեռախոս:(374-10) 52-47-50
Հետադարձ կապ

All site content, except where otherwise noted, is licensed under a
Creative Commons License